• 首页
  • 本馆介绍
  • 公告通知
  • 最新文献
  • 馆藏检索
  • 电子资源
  • 读者导购
  • 参考咨询
  • 我的图书馆
  • 登录
  • 详细信息显示
  • 放入我的书架
  • 预约/预借图书
  • 作者相关作品
  • 分类相关作品
  • 丛书相关作品
  • 出版社相关作品

书目信息

  • 表格格式
  • 工作单格式
  • 卡片格式
题名:
表演艺术管理与音乐产业运营
    
 
作者: 陈楠 , 刘靖 编著
分册:  
出版信息: 上海   上海音乐出版社  2020.4
页数: 193页
开本: 24cm
丛书名: 中国音乐学院科研与教学系列丛书
单 册:
中图分类: J691
科图分类:
主题词: 音乐表演--文化产业--运营管理--世界
电子资源:
ISBN: 978-7-5523-1599-8
000 01221nam 2200301 45
001 012001001421
005 20130912110912.0
010    @a978-7-5523-1599-8@dCNY38.00
092    @aCN@b20190202S-0503
099    @aCAL 012019049203
100    @a20190415d2019 em y0chiy0110 ea
101 0  @achi
102    @aCN@b310000
105    @aak a 000yy
106    @ar
200 1  @a表演艺术管理与音乐产业运营@Abiao yan yi shu guan li yu yin yue chan ye yun ying@f陈楠, 刘靖编著
210    @a上海@c上海音乐出版社@d2020.4
215    @a193页@c图@d24cm
225 2  @a中国音乐学院科研与教学系列丛书@Azhong guo yin yue xue yuan ke yan yu jiao xue xi lie cong shu
320    @a有书目 (第191-193页)
330    @a本书在总结音乐表演艺术管理和音乐产业管理实践经验的基础上, 紧密结合艺术管理相关的理论知识, 形成的集理论性、实操性于一体的方法和内容, 以帮助学生建立音乐艺术管理理论和实务的知识体系。书稿共分为十个章节, 有丰富理论知识与案例, 是一部实用性极强的教材。
461  0 @12001 @a中国音乐学院科研与教学系列丛书
606 0  @a音乐表演@x文化产业@x运营管理@y世界
690    @aJ691@v5
701  0 @a陈楠@Achen nan@4编著
701  0 @a刘靖@Aliu jing@4编著
801    @aCN@b江苏凤凰@c20211018
905    @b1343436-9@dJ691@e759@f4
    
    表演艺术管理与音乐产业运营/陈楠, 刘靖编著.-上海:上海音乐出版社,2020.4
    193页:图;24cm.-(中国音乐学院科研与教学系列丛书)
    
    
    ISBN 978-7-5523-1599-8:CNY38.00
    本书在总结音乐表演艺术管理和音乐产业管理实践经验的基础上, 紧密结合艺术管理相关的理论知识, 形成的集理论性、实操性于一体的方法和内容, 以帮助学生建立音乐艺术管理理论和实务的知识体系。书稿共分为十个章节, 有丰富理论知识与案例, 是一部实用性极强的教材。
●
相关链接 在E读中查询图书 在五车中查询图书 在当当中查询图书 在豆瓣中查询图书


正题名:表演艺术管理与音乐产业运营     索取号:J691/759         预约/预借

序号 登录号 条形码 馆藏地/架位号 状态 备注
1 1343436   213434363   第一样本阅览室/ [索取号:J691/759] 在馆    
2 1343437   213434372   第一借阅区/ [索取号:J691/759] 在馆    
3 1343438   213434381   第一借阅区/ [索取号:J691/759] 在馆    
4 1343439   213434390   第一借阅区/ [索取号:J691/759] 在馆    
唐山师范学院图书馆 欢迎您!
大连网信软件有限公司© 版权所有